Вып. 44: Водоснабжение и канализация; Наука и техника в городском хозяйстве

Bibliographic Details
Parent link:Наука и техника в городском хозяйстве: республиканский межведомственный научно-технический сборник/ Научно-исследовательский и конструкторско-технологический институт городского хозяйства. Вып. 44 : Водоснабжение и канализация.— , 1964-1990
Other Authors: Веклич В. Ф. Владимир Филиппович (редактор)
Language:Russian
Published: 1979
Subjects:
Format: Book
KOHA link:https://koha.lib.tpu.ru/cgi-bin/koha/opac-detail.pl?biblionumber=328094

MARC

LEADER 00000nam2a2200000 4500
001 328094
005 20231102004027.0
020 |a RU  |b 81-37426ж 
035 |a (RuTPU)RU\TPU\book\353785 
035 |a RU\TPU\book\353784 
035 |a RU\TPU\book\306520 
090 |a 328094 
100 |a 20170210d1980 k y0rusy5003 ca 
101 0 |a rus 
102 |a UA 
105 |a a z 001zy 
200 0 |a Вып. 44: Водоснабжение и канализация  |f отв. ред. В. Ф. Веклич 
210 |d 1979 
215 |a 120 с.  |c ил. 
320 |a Библиография в конце статей 
461 1 |0 (RuTPU)RU\TPU\book\305977  |t Наука и техника в городском хозяйстве  |o республиканский межведомственный научно-технический сборник  |f Научно-исследовательский и конструкторско-технологический институт городского хозяйства  |v Вып. 44 : Водоснабжение и канализация  |d 1964-1990 
606 1 |a Жилищно-коммунальное хозяйство  |2 stltpush  |3 (RuTPU)RU\TPU\subj\10993  |9 37983 
610 1 |a городское хозяйство 
610 1 |a проектирование 
610 1 |a вода 
610 1 |a экономия 
610 1 |a подземные воды 
610 1 |a качество 
610 1 |a ухудшение 
610 1 |a железобетонные трубы 
610 1 |a ударная волна 
610 1 |a распространение 
610 1 |a водоочистные станции 
610 1 |a шламы-коагулянты 
610 1 |a артезианские воды 
610 1 |a радиоконтроль 
610 1 |a осветление 
610 1 |a городские сточные воды 
610 1 |a биохимическая очистка 
610 1 |a биофильтры 
610 1 |a осадок 
610 1 |a осадок 
675 |a 628  |v 3 
702 1 |a Веклич  |b В. Ф.  |g Владимир Филиппович  |4 340 
801 1 |a RU  |b 63413507  |c 20150706 
801 2 |a RU  |b 63413507  |c 20201223  |g RCR 
942 |c BK